Audiovisione suono e immagine nel cinema (L') (Record n. 88205)

Dettagli MARC
000 -LEADER
fixed length control field 01774nam a2200313Ia 4500
001 - CONTROL NUMBER
control field H5569
003 - CONTROL NUMBER IDENTIFIER
control field IT-RoPAU
008 - FIXED-LENGTH DATA ELEMENTS--GENERAL INFORMATION
fixed length control field 130308s9999 xx 000 0 und d
040 ## - CATALOGING SOURCE
Original cataloging agency IT-RoPAU
040 ## - CATALOGING SOURCE
Transcribing agency IT-RoPAU
041 ## - LANGUAGE CODE
Language code of text/sound track or separate title ITALIANO
100 ## - MAIN ENTRY--PERSONAL NAME
Personal name Chion Michel
100 ## - MAIN ENTRY--PERSONAL NAME
Miscellaneous information Codice Aut. SPICS: 10243
240 ## - UNIFORM TITLE
Uniform title AUDIO-VISION (L')
240 ## - UNIFORM TITLE
Miscellaneous information Codice Tit. Orig. Spics: 99432
245 ## - TITLE STATEMENT
Title Audiovisione suono e immagine nel cinema (L')
245 ## - TITLE STATEMENT
Remainder of title Audiovisione Suono e immagine nel Cinema (L')
250 ## - EDITION STATEMENT
Edition statement 1a ed.
260 ## - PUBLICATION, DISTRIBUTION, ETC. (IMPRINT)
Place of publication, distribution, etc. TORINO
260 ## - PUBLICATION, DISTRIBUTION, ETC. (IMPRINT)
Name of publisher, distributor, etc. Lindau
260 ## - PUBLICATION, DISTRIBUTION, ETC. (IMPRINT)
Date of publication, distribution, etc. 2001 [1° Ed.:2001 - Ed.Ling.Originale:1990]
300 ## - PHYSICAL DESCRIPTION
Extent "208 p. (prefazione: no ; testo: 208 [pagine: 0-0])"
500 ## - GENERAL NOTE
General note "Introduzione. Contratto Audiovisivo: Proiezioni del Suono Sull'Immagine; tre Ascolti; linee e Punti; scena Audiovisiva; Reale e Resa; Audiovisione Vuota. al di Là dei Suoni e Immagini: Degno del Nome di Sonoro; Televisione,Clip, Video; Verso 1 Audio logo Visivo; Introduzione a Un'Analisi Audiovisiva. Bibliografia Generale. scopo di Questo Libro è Mostrare Come in Realtà, nella Combinazione Audiovisiva, una Percezione Influenzi l'altra e la Trasformi: Non si Vede la Stessa Cosa Quando si Sente; Non si sente la Stessa Cosa Quando di Vede. La presente Opera è al Tempo Stesso Teorica e Pratica, in Quanto, Descrivendo e Formulando Il Rapporto Audiovisivo Come Contratto (Vale a Dire Come Il Contrario di un Rapporto Naturale che Rimandi a Un'Armonia Preesistente tra le Percezioni), Essa Delinea un Metodo di Osservazione e di Analisi Suscettibile di Essere Applicato Ai Film, Alle Trasmissioni Televisive, Ai Video..."
650 ## - SUBJECT ADDED ENTRY--TOPICAL TERM
Topical term or geographic name as entry element SAGGI DI SEMIOLOGIA
650 ## - SUBJECT ADDED ENTRY--TOPICAL TERM
Relator term Codice materia Spics: 3257
942 ## - ADDED ENTRY ELEMENTS (KOHA)
Koha item type LIBRO
957 ## -
-- 1
999 ## - SYSTEM CONTROL NUMBERS (KOHA)
-- 1
Dati di copia
Withdrawn status Lost status Damaged status Not for loan Home library Current library Date acquired Total Checkouts Full call number Date last seen Price effective from Koha item type Public note
    Buone Condizioni Not For Loan SPICS-MEDIATECA SPICS-MEDIATECA 08/03/2013   H5569 08/03/2013 08/03/2013 LIBRO Progressivo inserimento: 6334 / N. Volumi: 1 Copie: 1 / data import: 1 marzo 2013 - By Epidotti, Trombetti, Vaglietti.
CREDITS: SOCIETA' SAN PAOLO Via A.Severo, 58 - ROMA (RM) & PERIODICI SAN PAOLO SRL Via Giotto, 36 MILANO & CISF Via Giotto, 36 MILANO & EDIZIONI SAN PAOLO SRL,  Piazza Soncino, 5 CINISELLO BALSAMO (MI) -- ITALY